000 00575nam a2200181Ia 4500
008 090124s9999 xx 000 0 und d
082 _b20457
100 _aशिंदे फ.मुं.
245 _a दिल्ली ते दिल्ली
250 _a1
260 _bपरिमल प्रकाशन
_c1983
300 _a96
600 _aशिंदे फ.मुं.
630 _a दिल्ली ते दिल्ली
700 _aशिंदे फ.मुं.
730 _a दिल्ली ते दिल्ली
942 _cBOOK
999 _c91113
_d91113